000
00218nam a2200085Ia 4500
942
_c
BK
245
0
_a
THE HEATH HANDBOOK (THIRTEENTH EDITION)
100
_a
GERALD P. MULDERIG
008
210804s9999 xx 000 0 und d
999
_c
41343
_d
41342